Statistics for South Korea True or False?

Click here to take the quiz!

General Stats

  • This quiz has been taken 409 times
    (383 since last reset)
  • The average score is 9 of 15

Answer Stats

QuestionAnswer% Correct
South Korea has a higher population than its Northern NeighborTrue
79%
Kim is the most Common South Korean last nameTrue
76%
The Capital of South Korea is a megacityTrue
70%
Busan is the largest city in the southern part of the countryTrue
69%
"Parasite", a movie from South Korea, got the Oscar's best picture.True
67%
Electronic Parts are South Korea's Top ExportTrue
63%
South Korea is a landlocked countryFalse
62%
South Korea has a very low population densityFalse
61%
Mitsubishi is based in South KoreaFalse
60%
Fan Death is a belief in South Korea that Leaving an electric fan running in a closed room will kill that personTrue
60%
Hallasan, South Korea's highest point is taller than Mount FujiFalse
55%
South Korea has a lower HDI Than South AFricaFalse
52%
South Korea has Nuclear WeaponsFalse
52%
South Korea has a lower Homicide rate than SingaporeFalse
49%
Seoul's GDP is higher than Shanghai'sTrue
45%

Score Distribution

Percentile by Number Answered

Percent of People with Each Score

Your Score History

You have not taken this quiz since the last reset